| 000 | 00000nas 2200000zi 4500 |
| 001 | 9.903882 |
| 003 | CaOODSP |
| 005 | 20251024134816 |
| 006 | m o d f |
| 007 | cr cn |||||||| |
| 008 | 211006c20099999oncar p o f0###b0fre|d |
| 022 | |a2819-7380 |
| 040 | |aCaOODSP|bfre|erda|cCaOODSP |
| 043 | |an-cn--- |
| 086 | 1 |aF1-61F-PDF |
| 110 | 1 |aCanada. |bMinistère des finances, |eauteur, |eorganisme de publication. |
| 222 | 0|aÉtats financiers (non vérifiés) pour l'exercice terminé le ... |b(Canada. Ministère des finances) |
| 245 | 10|aÉtats financiers (non vérifiés) pour l'exercice terminé le ... |
| 246 | 13|aMinistère des finances Canada, états financiers (non audités) pour l'exercice terminé le ... |
| 264 | 1|a[Ottawa] : |bMinistère des finances Canada, |c[2009]- |
| 310 | |aAnnuel |
| 336 | |atexte|btxt|2rdacontent/fre |
| 337 | |ainformatique|bc|2rdamedia/fre |
| 338 | |aressource en ligne|bcr|2rdacarrier/fre |
| 362 | 1 |aParaît depuis : 31 mars 2009. |
| 500 | |aPublié aussi en anglais sous le titre : Financial statements (unaudited) for the year ended ... |
| 515 | |aPublié en format HTML seulement, 2009-2019. |
| 588 | |aDescription d'après : 31 mars 2009; titre de l'en-tête de la version HTML. |
| 588 | |aDernière livraison consultée : 31 mars 2024. |
| 610 | 16|aCanada.|bMinistère des finances |xCrédits budgétaires et dépenses |vPériodiques. |
| 650 | 6|aÉtats financiers non vérifiés|zCanada|vPériodiques. |
| 655 | 7|aPériodiques|2rvmgf |
| 775 | 08|tFinancial statements (unaudited) for the year ended ...|w(CaOODSP)9.903883 |